Iowa High School Logos - Statistics

General Stats
  • This quiz has been taken 113 times
  • The average score is 94 of 361
Answer Stats
Picture Answer % Correct
Ankeny
83%
Ames
76%
Ankeny Centennial
76%
Dowling
76%
Johnston
76%
ACGC
69%
ADM
69%
Osage
69%
Ballard
66%
Cedar Falls
66%
Don Bosco
66%
Ottumwa
66%
AGWSR
62%
Bettendorf
62%
Cedar Rapids Kennedy
62%
Des Moines East
59%
Des Moines Roosevelt
59%
Fort Dodge
59%
Iowa City High
59%
Urbandale
59%
Valley
59%
Waukee
59%
Assumption
55%
Cedar Rapids Washington
55%
Dike New-Hartford
55%
Indianola
55%
Xavier
55%
Bishop Garrigan
52%
Decorah
52%
Denver
52%
Des Moines Lincoln
52%
Des Moines North
52%
Grundy Center
52%
North Polk
52%
North Scott
52%
Southeast Polk
52%
Van Meter
52%
Waukee Northwest
52%
Aplington-Parkersburg
48%
Bishop Heelan
48%
Cedar Rapids Jefferson
48%
Hudson
48%
Iowa City Liberty
48%
Iowa City West
48%
Pella
48%
Pleasant Valley
48%
Remsen St. Marys
48%
Clear Creek Amana
45%
Des Moines Hoover
45%
Dubuque Senior
45%
Jesup
45%
Kuemper Catholic
45%
Madrid
45%
Mason City
45%
Norwalk
45%
Sioux City North
45%
Solon
45%
Storm Lake
45%
Alburnett
41%
Bondurant-Farrar
41%
Carlisle
41%
Carroll
41%
DCG
41%
Dubuque Hempstead
41%
Independence
41%
Iowa Valley
41%
Janesville
41%
Lewis Central
41%
MMCRU
41%
Regina Catholic
41%
Sioux City East
41%
Wapsie Valley
41%
Waterloo West
41%
Boone
38%
Clear Lake
38%
Des Moines Christian
38%
Earlham
38%
Emmetsburg
38%
Interstate 35
38%
Keokuk
38%
Linn-Mar
38%
Lisbon
38%
Nevada
38%
OABCIG
38%
Pella Christian
38%
Prairie
38%
Roland Story
38%
Unity Christian
38%
Valley Lutheran
38%
Waterloo East
38%
Ankeny Christian
34%
Center Point-Urbana
34%
Central Lyon
34%
Council Bluffs Jefferson
34%
Council Bluffs Lincoln
34%
Davenport North
34%
Forest City
34%
Gilbert
34%
Hinton
34%
Marion
34%
Mount Vernon
34%
Newton
34%
North Linn
34%
Perry
34%
Saydel
34%
Spencer
34%
Wahlert Catholic
34%
Waverly-Shell Rock
34%
AHSTW
31%
Akron-Westfield
31%
Atlantic
31%
Baxter
31%
Boyden-Hull
31%
Burlington
31%
Cascade
31%
Charles City
31%
Davenport Central
31%
Davenport West
31%
Gehlen Catholic
31%
Glenwood
31%
Iowa Falls-Alden
31%
Le Mars
31%
Lynnville Sully
31%
Pleasantville
31%
Sioux Center
31%
Sioux City West
31%
South Tama County
31%
Western Christian
31%
Albia
28%
Bedford
28%
Bellevue
28%
Burlington Notre Dame
28%
Central DeWitt
28%
Clarinda
28%
Columbus Catholic
28%
Coon Rapids-Bayard
28%
Creston
28%
Dunkerton
28%
Eagle Grove
28%
Grand View Christian
28%
Greene County
28%
Harlan Community
28%
Knoxville
28%
Marshalltown
28%
Mount Pleasant
28%
Nodaway Valley
28%
Okoboji
28%
PCM
28%
Ridge View
28%
Sheldon
28%
St. Edmond
28%
Union Community
28%
Vinton-Shellsburg
28%
Waukon
28%
Western Dubuque
28%
West Hancock
28%
West Lyon
28%
West Sioux
28%
Williamsburg
28%
Winterset
28%
Anamosa
24%
BCLUW
24%
CAM
24%
Central Decatur
24%
Chariton
24%
Cherokee Washington
24%
Clarion Goldfield Dows
24%
Clinton
24%
Crestwood
24%
Durant
24%
EBF
24%
Fort Madison
24%
George-Little Rock
24%
Gladbrook-Reinbeck
24%
Grinnell
24%
GTRA
24%
Lenox
24%
Maquoketa
24%
Maquoketa Valley
24%
MOC-Floyd Valley
24%
Oelwein
24%
Ogden
24%
Oskaloosa
24%
Saint Ansgar
24%
South Hamilton
24%
Webster City
24%
West Fork
24%
Woodward-Granger
24%
Ar-We-Va
21%
Belle Plaine
21%
Benton
21%
BGM
21%
Camanche
21%
Cardinal
21%
Centerville
21%
Colfax-Mingo
21%
Davis County
21%
East Marshall
21%
East Mills
21%
East Union
21%
Fremont-Mills
21%
Humboldt
21%
Lamoni
21%
Marquette Catholic
21%
MFL MarMac
21%
Mid-Prairie
21%
Missouri Valley
21%
Mount Ayr
21%
Muscatine
21%
Newell-Fonda
21%
Panorama
21%
Postville
21%
Siouxland Christian
21%
South Hardin
21%
Springville
21%
St. Albert
21%
Treynor
21%
Underwood
21%
West Marshall
21%
Woodbine
21%
Alta-Aurelia
17%
Beckman Catholic
17%
Belmond Klemme
17%
Boyer Valley
17%
Clayton Ridge
17%
Colo-Nesco
17%
East Buchanan
17%
ELC
17%
Griswold
17%
Hampton-Dumont-CAL
17%
Lawton-Bronson
17%
Montezuma
17%
Monticello
17%
Northeast
17%
North Fayette-Valley
17%
North Tama
17%
North Union
17%
Riverside
17%
SBL
17%
Southeast Valley
17%
Starmont
17%
Washington
17%
West Branch
17%
West Liberty
17%
Wilton
17%
Central City
14%
Central Lee
14%
Central Springs
14%
Clarke Community
14%
Collins-Maxwell
14%
Easton Valley
14%
GHV
14%
Harris-Lake Park
14%
Highland
14%
Hillcrest Academy
14%
Lake Mills
14%
Logan-Magnolia
14%
Manson-NW Webster
14%
Mormon Trail
14%
Murray
14%
New Hampton
14%
New London
14%
Newman Catholic
14%
North Iowa
14%
Paton-Churdan
14%
Pocahontas Area
14%
Red Oak
14%
Riceville
14%
Rock Valley
14%
Shenandoah
14%
South Central Calhoun
14%
Southeast Warren
14%
South O'Brien
14%
Southwest Valley
14%
Spirit Lake
14%
Stanton
14%
Tri-Center
14%
West Burlington
14%
West Central Valley
14%
Calamus-Wheatland
10%
Central Elkader
10%
Danville
10%
East Sac County
10%
Edgewood-Colesburg
10%
Essex
10%
Fairfield
10%
Glidden-Ralston
10%
GMG
10%
Hartley-Melvin-Sanborn
10%
IKM-Manning
10%
Kee High
10%
Keota
10%
Kingsley-Pierson
10%
Lone-Tree
10%
Louisa-Muscatine
10%
Mediapolis
10%
MVAOCOU
10%
Nashua-Plainfield
10%
North Butler
10%
North Cedar
10%
North Mahaska
10%
Ottumwa Christian
10%
Pekin
10%
Prince of Peace
10%
Sidney
10%
Sioux Central
10%
Sumner-Fredericksburg
10%
Tipton
10%
WACO
10%
West Harrison
10%
Westwood
10%
Woodbury Central
10%
Woodward Academy
10%
Aubudon
7%
Cedar Ridge Christian
7%
Cedar Valley Christian
7%
Clarksville
7%
Columbus
7%
Heartland Christian
7%
Melcher-Dallas
7%
Midland
7%
Moravia
7%
Moulton-Udell
7%
MSM
7%
Northwood-Kensett
7%
Rockford
7%
Sibley-Ocheyedan
7%
Sigourney
7%
Storm Lake St. Mary's
7%
Tripoli
7%
Turkey Valley
7%
Twin Cedars
7%
Wayne
7%
Algona
3%
Denison-Schelswig
3%
Diaganol
3%
English Valleys
3%
HLV
3%
Issac Newton Christian
3%
River Valley
3%
Seymour
3%
South Winneshiek
3%
Tri-County
3%
Van Buren
3%
Wapello
3%
West Bend-Mallard
3%
West Central
3%
West Delaware
3%
Whiting
3%
Winfield-Mt Union
3%
Coram Deo
0%
Hamburg
0%
HTC
0%
Maharishi
0%
Meswaki
0%
Morningstar Academy
0%
Rivermont Collegiate
0%
Ruthven-Ayrshire
0%
Trinity Christian
0%
Tri-State Christian
0%
West Manona
0%
No matching quizzes found
Score Distribution
Percent of People with Each Score
Percentile by Number Answered
Your Score History
You have not taken this quiz